Urban living : (Record no. 354128)
[ view plain ]
| 000 -LEADER | |
|---|---|
| fixed length control field | 01369cam a2200361Ii 4500 |
| 001 - CONTROL NUMBER | |
| control field | 11382373 |
| 003 - CONTROL NUMBER IDENTIFIER | |
| control field | OSt |
| 005 - DATE AND TIME OF LATEST TRANSACTION | |
| control field | 20180116192431.0 |
| 008 - FIXED-LENGTH DATA ELEMENTS--GENERAL INFORMATION | |
| fixed length control field | 150501s2015 gw a 000 0 ger d |
| 020 ## - INTERNATIONAL STANDARD BOOK NUMBER | |
| International Standard Book Number | 9783868593310 |
| 020 ## - INTERNATIONAL STANDARD BOOK NUMBER | |
| International Standard Book Number | 3868593314 |
| 035 ## - SYSTEM CONTROL NUMBER | |
| System control number | (OCoLC)ocn907931356 |
| 035 ## - SYSTEM CONTROL NUMBER | |
| System control number | (OCoLC)907931356 |
| 035 ## - SYSTEM CONTROL NUMBER | |
| System control number | (NNC)11382373 |
| 040 ## - CATALOGING SOURCE | |
| Original cataloging agency | CLE |
| Language of cataloging | eng |
| Description conventions | rda |
| Transcribing agency | CLE |
| 041 ## - LANGUAGE CODE | |
| Language code of text/sound track or separate title | ger |
| -- | eng |
| 043 ## - GEOGRAPHIC AREA CODE | |
| Geographic area code | e-gx--- |
| 050 #4 - LIBRARY OF CONGRESS CALL NUMBER | |
| Classification number | NA9200.B4 |
| Item number | U73 2015 |
| 082 ## - DEWEY DECIMAL CLASSIFICATION NUMBER | |
| Classification number | 728.0943155 |
| 245 00 - TITLE STATEMENT | |
| Title | Urban living : |
| Remainder of title | Strategien für das zukünftige Wohnen = strategies for the future / |
| Statement of responsibility, etc. | herausgegeben von Kristien Ring AA Projects in Kooperation mit der Senatsverwaltung für Stadtentwicklung und Umvelt Berlin = edited by Kristien Ring AA Projects in cooperation with Senate Department for Urban Development and Environment. |
| 260 ## - PUBLICATION, DISTRIBUTION, ETC. | |
| Date of publication, distribution, etc. | 2015. |
| 300 ## - PHYSICAL DESCRIPTION | |
| Extent | 255 pages : |
| Other physical details | illustrations (chiefly color) ; |
| Dimensions | 27 cm |
| 500 ## - GENERAL NOTE | |
| General note | Cover title. |
| 650 #0 - SUBJECT ADDED ENTRY--TOPICAL TERM | |
| Topical term or geographic name entry element | City planning |
| Geographic subdivision | Germany |
| -- | Berlin. |
| 9 (RLIN) | 8302 |
| 650 #0 - SUBJECT ADDED ENTRY--TOPICAL TERM | |
| Topical term or geographic name entry element | Architecture |
| Geographic subdivision | Germany |
| -- | Berlin. |
| 9 (RLIN) | 8303 |
| 650 #0 - SUBJECT ADDED ENTRY--TOPICAL TERM | |
| Topical term or geographic name entry element | Space (Architecture) |
| 9 (RLIN) | 8304 |
| 650 #0 - SUBJECT ADDED ENTRY--TOPICAL TERM | |
| Topical term or geographic name entry element | Sustainable living. |
| 9 (RLIN) | 8305 |
| 700 1# - ADDED ENTRY--PERSONAL NAME | |
| Personal name | Ring, Kristien, |
| Relator term | editor. |
| 9 (RLIN) | 8301 |
| 710 1# - ADDED ENTRY--CORPORATE NAME | |
| Corporate name or jurisdiction name as entry element | Berlin (Germany). |
| Subordinate unit | Senatsverwaltung für Stadtentwicklung und Umwelt, |
| Relator term | issuing body. |
| 9 (RLIN) | 8300 |
| 942 ## - ADDED ENTRY ELEMENTS (KOHA) | |
| Source of classification or shelving scheme | |
| Koha item type | Book |
| 948 1# - LOCAL PROCESSING INFORMATION (OCLC); SERIES PART DESIGNATOR (RLIN) | |
| Series part designator, SPT (RLIN) | 20150602 |
| b (OCLC) | c |
| c (OCLC) | rhg9 |
| d (OCLC) | OSMC |
| Withdrawn status | Lost status | Source of classification or shelving scheme | Damaged status | Not for loan | Permanent Location | Current Location | Date acquired | Total Checkouts | Total Renewals | Full call number | Barcode | Date last seen | Date last checked out | Cost, replacement price | Price effective from | Koha item type |
|---|---|---|---|---|---|---|---|---|---|---|---|---|---|---|---|---|
| School of Art Design and Architecture (SADA) | School of Art Design and Architecture (SADA) | 04/04/2016 | 1 | 1 | 728.0943155 URB 2015 | SADA0002560 | 06/30/2016 | 06/30/2016 | 4649.26 | 04/05/2016 | Book |
